00285nam a2200133Ia 4500008004100000100001800041245002700059250000600086260001700092300000800109650001200117942000700129999001500136190216s9999||||xx |||||||||||||| ||und|| aKochhar S P L 0aFoundations Of Biology aq bS Naggin&Co. a122 aBiology cBK c1023d1023